Report Of The Select Committee On Environment, Science And Technology On The Bilateral Cooperation Agreement Between The Repulblic of Ghana And The Implementation Of Article Six ( 6) Of The Paris Agreement 2021 (Record no. 2441)

MARC details
000 -LEADER
fixed length control field 00746nam a2200169Ia 4500
003 - CONTROL NUMBER IDENTIFIER
control field OSt
005 - DATE AND TIME OF LATEST TRANSACTION
control field 20260119135751.0
008 - FIXED-LENGTH DATA ELEMENTS--GENERAL INFORMATION
fixed length control field 240429s9999||||xx |||||||||||||| ||und||
041 ## - LANGUAGE CODE
Language code of text/sound track or separate title eng
082 ## - DEWEY DECIMAL CLASSIFICATION NUMBER
Classification number CR/G&SC/21
100 ## - MAIN ENTRY--PERSONAL NAME
Personal name Parliament of Ghana
245 #0 - TITLE STATEMENT
Title Report Of The Select Committee On Environment, Science And Technology On The Bilateral Cooperation Agreement Between The Repulblic of Ghana And The Implementation Of Article Six ( 6) Of The Paris Agreement 2021
300 ## - PHYSICAL DESCRIPTION
Extent 5p
650 ## - SUBJECT ADDED ENTRY--TOPICAL TERM
Topical term or geographic name entry element Report Of The Select Committee On Environment, Science And Technology On The Bilateral Cooperation - Agreement Between The Repulblic of Ghana And The Implementation Of Article Six ( 6) Of The Paris Agr
942 ## - ADDED ENTRY ELEMENTS (KOHA)
Koha item type Committee Reports
Source of classification or shelving scheme Dewey Decimal Classification
Suppress in OPAC No
Holdings
Withdrawn status Lost status Source of classification or shelving scheme Damaged status Not for loan Home library Current library Shelving location Date acquired Total checkouts Full call number Date last seen Copy number Price effective from Koha item type
    Dewey Decimal Classification     Main Library Main Library Open Shelves 31/01/2023   Acc No. 3472 29/04/2024 1 29/04/2024 Committee Reports
    Dewey Decimal Classification     Main Library Main Library Open Shelves 19/01/2026   Acc No. 3473 19/01/2026 2 19/01/2026 Committee Reports
    Dewey Decimal Classification     Main Library Main Library Open Shelves 19/01/2026   Acc No. 3473 19/01/2026 3 19/01/2026 Committee Reports
©2026  Parliament of Ghana Library - All rights reserved